Music Quiz

Random Music or Artist Quiz
Score 0/10 Timer 04:00
2 Plays Today
% Correct
Wild Wild West
95.5%
Men in Black
93.4%
Miami
86.7%
Summertime
83%
Just the Two of Us
80.5%
Parents Just Don't Understand
75.6%
Gettin' Jiggy Wit It
69.5%
Girls Ain't Nothing but Trouble
64.5%
Will2K
63.4%
Boom! Shake the Room
62.2%
Remove Ads.
Support Sporcle.
Get the best of Sporcle when you Go Orange. This ad-free experience offers more features, more stats, and more fun while also helping to support Sporcle. Thank you for becoming a member.

You're not logged in!

Compare scores with friends on all Sporcle quizzes.
OR
Log In

Sporcle TV

Today on Sporcle TV


Watch our educational content, quiz creation guides, and fun videos on Sporcle TV.

Show Comments

Extras

Top Quizzes Today


Score Distribution

Paid Content

Your Account Isn't Verified!

In order to create a playlist on Sporcle, you need to verify the email address you used during registration. Go to your Sporcle Settings to finish the process.

Report this User

Report this user for behavior that violates our Community Guidelines.

Details: